| 000 | 00743cam a22002651 4500 | ||
|---|---|---|---|
| 001 | sa 66004266 | ||
| 003 | DLC | ||
| 005 | 20260227112241.0 | ||
| 008 | 890614s1964 ii achj b 000 0 hino | ||
| 010 | _asa 66004266 | ||
| 035 | _a(OCoLC)19871306 | ||
| 040 |
_aDLC _cWaU _dDLC |
||
| 041 | 0 | _ahineng | |
| 042 | _apremarc | ||
| 050 | 0 | 0 |
_aBL1305 _b.G8 |
| 111 | 2 | _aGurudeva Smriti Grantha Samiti. | |
| 245 | 1 | 0 | _aGurudeva Śrī Ratna Muni smr̥ti grantha. |
| 260 | _c[1964] | ||
| 300 |
_a15, 88, 434, ii, 107 p. _billus., facsims., geneal. tables, port. _c25 cm. |
||
| 500 | _aHindi or English. | ||
| 504 | _aBibliographical footnotes. | ||
| 650 | 0 | _aJainism. | |
| 600 | 2 | 0 |
_aRatan Chand, Muni, _d1793-1864. |
| 700 | 1 | _aKothari, D. S. | |
| 999 |
_c69304 _d69304 |
||